| 000 | 01222nam a22003617a 4500 | ||
|---|---|---|---|
| 003 | EG-ScBUE | ||
| 005 | 20220704102734.0 | ||
| 006 | m||||fq||h 00| 0 | ||
| 008 | 100602t2007 nyua f 001 0 eng d | ||
| 020 | _a9780071258265 (Student book with audio hights) | ||
| 040 |
_aEG-ScBUE _beng _erda _cEG-ScBUE _dEG-ScBUE |
||
| 082 | 0 | 4 |
_222 _a428.64 _bINT |
| 245 | 1 | 0 |
_aInteractions. _n1, _pReading / _cElaine Kirn [and three others]. |
| 250 | _aSilver edition. | ||
| 264 | 1 |
_aNew York, NY : _bMcGraw-Hill, _c[2007] |
|
| 264 | 4 | _cc2007 | |
| 300 |
_axvii, 240 pages : _billustrations ; _c26 cm + _e1 audio CD |
||
| 336 |
_2rdacontent _atext _btxt |
||
| 336 |
_2rdacontent _asounds _bsnd |
||
| 337 |
_2rdamedia _aunmediated _bn |
||
| 337 |
_2rdamedia _aaudio _bs |
||
| 338 |
_2rdacarrier _avolume _bnc |
||
| 338 |
_2rdacarrier _acomputer disc _bcd |
||
| 500 | _aIncludes index. | ||
| 650 | 7 |
_91110 _aCollege readers. _2BUEsh |
|
| 650 | 7 |
_913993 _aEnglish language _vTextbooks for foreign speakers. _2BUEsh |
|
| 650 | 7 |
_914307 _aEnglish language _vProblems, exercises, etc. _2BUEsh |
|
| 651 | _2BUEsh | ||
| 653 | _bHHUUEENN | ||
| 655 |
_vReading book _934232 |
||
| 700 | 1 |
_914491 _aKirn, Elaine, _eauthor. |
|
| 942 |
_2ddc _cBB |
||
| 999 |
_c14039 _d14039 |
||